00599nam a22001577a 450000500170000000800410001702000180005805000250007610000260010124501560012725000290028326000530031230000300036550000200039565000260041520250319180736.0250319b |||||||| |||| 00| 0 eng d a9788121912006 aHF5548b.2.L247 2010 aR. Parameswaran (Dr.) aComputer Applications In Business /b[For the Commerce Students of Graduation Level, who want to know the Computer Applications]cR. Parameswaran (Dr.) a6th Revised Edition 2010 aNew DelhiaIndiabS. Chand & Company Ltd.cc2010 axiv, 295pagesbill.c25cm aRevised Edition 2Computer Applications